Parábola del vacío /
Na minha lista:
| Autor principal: | |
|---|---|
| Formato: | Recurso Eletrônico livro eletrônico |
| Idioma: | espanhol |
| Publicado em: |
Sincelejo, Sucre, Colombia :
Editorial CECAR,
2019.
|
| coleção: | Poesía (Editorial CECAR). Serie Egresados.
|
| Assuntos: | |
| Acesso em linha: | Digitalia Hispánica |
| Tags: |
Adicionar Tag
Sem tags, seja o primeiro a adicionar uma tag!
|
MARC
| LEADER | 00000nam a2200000 i 4500 | ||
|---|---|---|---|
| 001 | DIGCECAR0120 | ||
| 003 | NyNyDIG | ||
| 006 | m o d | ||
| 007 | cr ||||||||||| | ||
| 008 | 260518s2019 ck o 000 p spa d | ||
| 035 | |a (OCoLC)1592616327 | ||
| 040 | |a DGITA |b eng |e rda |e pn |c DGITA | ||
| 020 | |a 9789585547353 |q (digital) | ||
| 020 | |z 9789585547322 | ||
| 024 | 7 | |a 10.21892/9789585547353 |2 doi | |
| 050 | 1 | 4 | |a PQ8180.412.U350 ebook |
| 100 | 1 | |a Buelvas, Jesús David, |e author. | |
| 245 | 1 | 0 | |a Parábola del vacío / |c Jesús David Buelvas. |
| 264 | 1 | |a Sincelejo, Sucre, Colombia : |b Editorial CECAR, |c 2019. | |
| 300 | |a 1 online resource. | ||
| 336 | |a text |b txt |2 rdacontent | ||
| 337 | |a computer file |b c |2 rdamedia | ||
| 338 | |a online resource |b cr |2 rdacarrier | ||
| 347 | |a text file |2 rdaft | ||
| 347 | |b PDF | ||
| 490 | 1 | |a Colección Poesía. Serie Egresados | |
| 588 | 0 | |a Online resource; title from PDF title page (Digitalia, viewed May 18, 2026) | |
| 655 | 7 | |a Poetry. |2 lcgft | |
| 776 | 0 | 8 | |i Print version: |a Buelvas, Jesús David. |t Parábola del vacío. |d Sincelejo, Sucre, Colombia : Editorial CECAR, 2019 |z 9789585547322 |
| 791 | 2 | |a Digitalia (Firm), |e distributor. | |
| 793 | 0 | |g Digitalia eBook Collection: |a Corporación Universitaria del Caribe - CECAR | |
| 830 | 0 | |a Poesía (Editorial CECAR). |p Serie Egresados. | |
| 856 | 4 | 0 | |3 Digitalia Hispánica |u https://digitalia.unach.elogim.com/a/184771/ |
| 910 | |a Premium collection: 2026 | ||